000 00325nam a22001457a 4500
008 230720b ||||| |||| 00| 0 eng d
020 _a9781566391658
041 _aeng
080 _a61
082 _a61COH
100 _a5
101 _aMJP
245 _aAIDS CRISIS IN PROFESSIONAL ETHICS
_cCOHEN .D E
942 _2udc
_cBK
999 _c60184
_d60184